Toutes les communes de la Haute-Marne sur une carte - Statistiques

Statistiques générales
  • Ce quiz a été pris 284 fois
  • Le résultat moyen est 58 sur 426
Réponses sur la Carte
Les réponses sont colorées sur une échelle allant du rouge au vert en fonction du pourcentage des utilisateurs qui les ont devinées à leur premier essai. Vous pouvez retrouver ces pourcentages ci-dessous.
 
Statistiques - réponses
Commune Population (2021) % Correct
Chaumont 21 699
97%
Chaumont-la-Ville 120
97%
Langres 7 697
90%
Saint-Dizier 23 068
90%
Joinville 2 972
69%
Nogent 3 548
61%
Val-de-Meuse 1 813
55%
Colombey les Deux Églises 679
48%
Wassy 2 777
48%
Ville-en-Blaisois 146
47%
Bourbonne-les-Bains 1 969
45%
Bologne 1 821
43%
Gudmont-Villiers 283
43%
Le Val-d’Esnoms 387
42%
Chalindrey 2 377
41%
Villiers-en-Lieu 1 476
41%
Villiers-lès-Aprey 46
41%
Villiers-le-Sec 727
41%
Villiers-sur-Suize 261
41%
Châteauvillain 1 543
40%
Saint-Martin-lès-Langres 107
37%
La Porte du Der 2 169
36%
Rolampont 1 380
36%
Le Montsaugeonnais 1 139
35%
Foulain 689
34%
Froncles 1 387
34%
Fayl-Billot 1 284
33%
Poissons 617
33%
Culmont 524
32%
Neuilly-l’Évêque 581
32%
Neuilly-sur-Suize 297
32%
Saints-Geosmes 1 096
32%
Arc-en-Barrois 706
31%
Is-en-Basigny 541
31%
Vaux-sur-Saint-Urbain 54
31%
Chamarandes-Choignes 1 029
30%
Cour-l’Évêque 147
30%
Humes-Jorquenay 585
30%
Andelot-Blancheville 863
29%
Auberive 147
29%
Biesles 1 325
29%
Bourmont-entre-Meuse-et-Mouzon 760
29%
Éclaron-Braucourt-Sainte-Livière 2 014
28%
Charmes 148
27%
Charmes-en-l’Angle 6
27%
Charmes-la-Grande 158
27%
Bricon 425
25%
Eurville-Bienville 2 029
24%
Liffol-le-Petit 317
24%
Villegusien-le-Lac 987
24%
Bourg 159
23%
Bourg-Sainte-Marie 90
23%
Longeau-Percey 704
23%
Luzy-sur-Marne 278
23%
Chevillon 1 312
22%
Rimaucourt 634
22%
Semoutiers-Montsaon 723
22%
Thonnance-lès-Joinville 685
22%
Thonnance-les-Moulins 111
22%
Bay-sur-Aube 49
21%
Brethenay 383
21%
Cohons 214
21%
Jonchery 971
21%
Marac 211
21%
Vitry-en-Montagne 25
21%
Vitry-lès-Nogent 213
21%
Andilly-en-Bassigny 105
20%
Bettancourt-la-Ferrée 1 795
20%
Champigny-lès-Langres 411
20%
Champigny-sous-Varennes 126
20%
Condes 294
20%
Leffonds 335
20%
Aprey 191
19%
Clefmont 159
19%
Doulaincourt-Saucourt 775
19%
Juzennecourt 205
19%
Mandres-la-Côte 561
19%
Noidant-Chatenoy 82
19%
Noidant-le-Rocheux 156
19%
Pont-la-Ville 98
19%
Poulangy 355
19%
Prez-sous-Lafauche 275
19%
Roches-Bettaincourt 538
19%
Sexfontaines 144
19%
Vignory 224
19%
Bannes 366
18%
Bayard-sur-Marne 1 277
18%
Courcelles-en-Montagne 92
18%
Courcelles-sur-Blaise 88
18%
Dampierre 387
18%
Esnouveaux 297
18%
Laferté-sur-Amance 106
18%
Laferté-sur-Aube 307
18%
Peigney 392
18%
Roches-sur-Marne 574
18%
Saint-Ciergues 180
18%
Thivet 274
18%
Viéville 335
18%
Cirey-lès-Mareilles 149
17%
Cirey-sur-Blaise 113
17%
Laville-aux-Bois 232
17%
Marnay-sur-Marne 345
17%
Perrogney-les-Fontaines 112
17%
Rives Dervoises 1 314
17%
Soncourt-sur-Marne 341
17%
Dommartin-le-Franc 241
16%
Dommartin-le-Saint-Père 282
16%
Giey-sur-Aujon 143
16%
Maranville 400
16%
Orges 343
16%
Vouécourt 206
16%
Ageville 315
15%
Autreville-sur-la-Renne 365
15%
Breuvannes-en-Bassigny 672
15%
Chamouilley 744
15%
Chancenay 1 016
15%
Coiffy-le-Bas 86
15%
Coiffy-le-Haut 105
15%
Darmannes 253
15%
Donjeux 381
15%
Doulevant-le-Château 364
15%
Doulevant-le-Petit 17
15%
Latrecey-Ormoy-sur-Aube 282
15%
Le Pailly 270
15%
Mareilles 139
15%
Ninville 62
15%
Perrancey-les-Vieux-Moulins 294
15%
Poinson-lès-Fayl 210
15%
Poinson-lès-Grancey 57
15%
Poinson-lès-Nogent 139
15%
Rupt 346
15%
Treix 213
15%
Verbiesles 332
15%
Attancourt 276
14%
Blaisy 67
14%
Chatenay-Mâcheron 96
14%
Chatenay-Vaudin 47
14%
Haute-Amance 967
14%
Laneuville-à-Rémy 65
14%
Laneuville-au-Pont 229
14%
Louvemont 693
14%
Meures 131
14%
Richebourg 255
14%
Saint-Blin 340
14%
Sarrey 376
14%
Beauchemin 110
13%
Bourdons-sur-Rognon 294
13%
Buxières-lès-Clefmont 26
13%
Buxières-lès-Villiers 210
13%
Cirfontaines-en-Azois 187
13%
Cirfontaines-en-Ornois 83
13%
Curmont 11
13%
Épizon 158
13%
Humbécourt 748
13%
Illoud 202
13%
Manois 454
13%
Montreuil-sur-Blaise 135
13%
Montreuil-sur-Thonnance 61
13%
Riaucourt 432
13%
Saint-Loup-sur-Aujon 127
13%
Torcenay 553
13%
Troisfontaines-la-Ville 433
13%
Coupray 164
12%
Curel 407
12%
Dammartin-sur-Meuse 200
12%
Dancevoir 197
12%
Fontaines-sur-Marne 147
12%
Lachapelle-en-Blaisy 88
12%
Lanques-sur-Rognon 207
12%
Occey 168
12%
Ormancey 76
12%
Perthes 504
12%
Rachecourt-sur-Marne 750
12%
Rachecourt-Suzémont 106
12%
Vaudrémont 87
12%
Vecqueville 508
12%
Vraincourt 88
12%
Braux-le-Châtel 132
11%
Changey 293
11%
Fresnes-sur-Apance 156
11%
Mussey-sur-Marne 386
11%
Ormoy-lès-Sexfontaines 41
11%
Oudincourt 138
11%
Pisseloup 60
11%
Pressigny 199
11%
Saint-Broingt-le-Bois 69
11%
Saint-Broingt-les-Fosses 235
11%
Saint-Urbain-Maconcourt 616
11%
Sommevoire 649
11%
Valcourt 619
11%
Vesaignes-sous-Lafauche 128
11%
Vesaignes-sur-Marne 102
11%
Voillecomte 516
11%
Allichamps 360
10%
Annéville-la-Prairie 94
10%
Anrosey 123
10%
Aubepierre-sur-Aube 184
10%
Aujeurres 69
10%
Brousseval 633
10%
Bugnières 155
10%
Ceffonds 659
10%
Celsoy 96
10%
Cerisières 85
10%
Chantraines 209
10%
Chassigny 251
10%
Chaudenay 343
10%
Chauffourt 181
10%
Colmier-le-Bas 22
10%
Colmier-le-Haut 64
10%
Cusey 282
10%
Dommarien 172
10%
Ecot-la-Combe 41
10%
Euffigneix 299
10%
Frécourt 92
10%
Fronville 305
10%
Gillancourt 123
10%
Graffigny-Chemin 202
10%
Guindrecourt-aux-Ormes 92
10%
Guindrecourt-sur-Blaise 60
10%
Isômes 147
10%
Lamancine 123
10%
Maizières 186
10%
Maizières-sur-Amance 96
10%
Millières 118
10%
Moëslains 456
10%
Nomécourt 111
10%
Noyers 95
10%
Nully 143
10%
Orbigny-au-Mont 137
10%
Orbigny-au-Val 98
10%
Rizaucourt-Buchey 129
10%
Rouvres-sur-Aube 70
10%
Rouvroy-sur-Marne 372
10%
Saint-Maurice 129
10%
Sarcey 104
10%
Serqueux 368
10%
Vaillant 44
10%
Vicq 157
10%
Voisines 107
10%
Aingoulaincourt 10
9%
Bailly-aux-Forges 139
9%
Blessonville 180
9%
Chalancey 111
9%
Champsevraine 729
9%
Chatonrupt-Sommermont 271
9%
Coublanc 119
9%
Cuves 26
9%
Faverolles 95
9%
Frampas 155
9%
Germay 49
9%
Heuilley-le-Grand 190
9%
Lafauche 74
9%
Laneuvelle 60
9%
Lecey 195
9%
Louvières 92
9%
Magneux 157
9%
Noncourt-sur-le-Rongeant 174
9%
Orcevaux 100
9%
Planrupt 311
9%
Rennepont 123
9%
Savigny 58
9%
Ternat 61
9%
Vals-des-Tilles 181
9%
Verseilles-le-Bas 108
9%
Verseilles-le-Haut 50
9%
Villars-Santenoge 77
9%
Vivey 51
9%
Voisey 276
9%
Aigremont 26
8%
Aizanville 30
8%
Aulnoy-sur-Aube 55
8%
Belmont 51
8%
Blécourt 119
8%
Brachay 66
8%
Dinteville 64
8%
Farincourt 35
8%
Flagey 72
8%
Germisay 18
8%
Grenant 151
8%
Harréville-les-Chanteurs 270
8%
Maâtz 72
8%
Marbéville 99
8%
Mennouveaux 67
8%
Orquevaux 68
8%
Osne-le-Val 256
8%
Outremécourt 81
8%
Reynel 129
8%
Rivière-les-Fosses 188
8%
Trémilly 83
8%
Villars-en-Azois 66
8%
Arbot 67
7%
Audeloncourt 84
7%
Baissey 177
7%
Brennes 119
7%
Celles-en-Bassigny 71
7%
Choiseul 78
7%
Clinchamp 70
7%
Consigny 75
7%
Domblain 80
7%
Larivière-Arnoncourt 123
7%
Mardor 56
7%
Melay 246
7%
Narcy 221
7%
Parnoy-en-Bassigny 286
7%
Rougeux 111
7%
Saint-Thiébault 242
7%
Saint-Vallier-sur-Marne 173
7%
Suzannecourt 360
7%
Varennes-sur-Amance 259
7%
Violot 65
7%
Ambonville 88
6%
Autigny-le-Grand 131
6%
Autigny-le-Petit 53
6%
Blumeray 101
6%
Bonnecourt 144
6%
Brainville-sur-Meuse 69
6%
Briaucourt 173
6%
Chanoy 123
6%
Chézeaux 77
6%
Choilley-Dardenay 155
6%
Domremy-Landéville 75
6%
Fays 65
6%
Ferrière-et-Lafolie 53
6%
Forcey 62
6%
Guyonvelle 96
6%
Hallignicourt 245
6%
Lanty-sur-Aube 114
6%
Leschères-sur-le-Blaiseron 89
6%
Les Loges 125
6%
Leuchey 73
6%
Longchamp 59
6%
Marcilly-en-Bassigny 225
6%
Mathons 69
6%
Merrey 90
6%
Mertrud 180
6%
Perrusse 29
6%
Plesnoy 113
6%
Praslay 82
6%
Rouécourt 49
6%
Saulxures 131
6%
Semilly 105
6%
Signéville 89
6%
Sommancourt 56
6%
Thol-lès-Millières 33
6%
Vaux-sur-Blaise 357
6%
Vignes-la-Côte 70
6%
Vroncourt-la-Côte 28
6%
Arbigny-sous-Varennes 84
5%
Bassoncourt 63
5%
Busson 43
5%
Daillancourt 62
5%
Enfonvelle 68
5%
Genevrières 126
5%
Germaines 52
5%
Huilliécourt 124
5%
Le Châtelet-sur-Meuse 156
5%
Montheries 67
5%
Morancourt 130
5%
Rochefort-sur-la-Côte 64
5%
Rouelles 25
5%
Saudron 43
5%
Tornay 29
5%
Vauxbons 54
5%
Voncourt 16
5%
Aillianville 144
4%
Arnancourt 86
4%
Bize 81
4%
Chalvraines 192
4%
Échenay 92
4%
Humberville 60
4%
La Genevroye 30
4%
Lavilleneuve 58
4%
Lavilleneuve-au-Roi 66
4%
Malaincourt-sur-Meuse 48
4%
Mirbel 39
4%
Mouilleron 29
4%
Ozières 31
4%
Palaiseul 52
4%
Rançonnières 123
4%
Rivières-le-Bois 69
4%
Saulles 51
4%
Valleret 67
4%
Velles 60
4%
Vesvres-sous-Chalancey 46
4%
Annonville 29
3%
Bouzancourt 68
3%
Champigneulles-en-Bassigny 40
3%
Daillecourt 72
3%
Damrémont 197
3%
Doncourt-sur-Meuse 38
3%
Effincourt 57
3%
Gilley 66
3%
Grandchamp 75
3%
Hâcourt 41
3%
Levécourt 90
3%
Maisoncelles 62
3%
Neuvelle-lès-Voisey 66
3%
Pansey 101
3%
Pierremont-sur-Amance 151
3%
Poiseul 70
3%
Rangecourt 62
3%
Rochetaillée 161
3%
Romain-sur-Meuse 87
3%
Sommerécourt 79
3%
Thilleux 63
3%
Avrecourt 109
2%
Baudrecourt 86
2%
Beurville 102
2%
Chambroncourt 49
2%
Flammerécourt 70
2%
Germainvilliers 85
2%
Gillaumé 32
2%
Lavernoy 73
2%
Leurville 72
2%
Lezéville 112
2%
Montcharvot 36
2%
Montot-sur-Rognon 112
2%
Morionvilliers 25
2%
Paroy-sur-Saulx 45
2%
Poinsenot 56
2%
Sailly 33
2%
Silvarouvres 33
2%
Soulaucourt-sur-Mouzon 96
2%
Soyers 69
2%
Valleroy 25
2%
Vaudrecourt 33
2%
Aucun quiz correspondant
Distribution des résultats
% des personnes avec chaque résultat
Percentile par nombre de réponses
Votre historique - résultats
Vous n’avez pas pris ce quiz